header

Standards and ethics for counselling in action (Record no. 189618)

MARC details
000 -LEADER
fixed length control field 01552nam a2200385 a 4500
082 04 - DEWEY DECIMAL CLASSIFICATION NUMBER
Classification number 174/.915
100 1# - MAIN ENTRY--AUTHOR NAME
Personal name Bond, Tim.
245 10 - TITLE STATEMENT
Title Standards and ethics for counselling in action
250 ## - EDITION STATEMENT
Edition statement 2nd ed.
260 ## - PUBLICATION, DISTRIBUTION, ETC. (IMPRINT)
Place of publication London ;
-- Thousand Oaks, Calif. :
Name of publisher Sage Publications,
Year of publication 2000.
300 ## - PHYSICAL DESCRIPTION
Number of Pages xiv, 263 p. :
Other physical details ill.
505 0# - FORMATTED CONTENTS NOTE
Formatted contents note pt. 1. The background -- pt. 2. Responsibility to the client -- pt. 3. The counsellor and others -- pt. 4. The whole picture.
650 #0 - SUBJECT ADDED ENTRY--TOPICAL TERM
Topical Term Counseling
Topical Term Counselors
856 40 - ELECTRONIC LOCATION AND ACCESS
Uniform Resource Identifier http://site.ebrary.com/lib/rucke/Doc?id=10576506

No items available.

© 2026 Rongo University
Contact us: librarian | system librarian | Rongo university